Zvieratká /

Hlavní autor: Cpin, Štefan, 1919-1971
Jazyk: Slovenština
Vydáno: Bratislava : Tvar, 1950
Edice: Leporelo
Témata:
Fyzický popis: Nestr.
Knihy
Uloženo v:
LEADER 00607nam a22002052a 4500
001 000357888
003 CZ BrMZK
005 19980107143423.0
008 980107s1950 xo f slo d
040 |a BOA001  |b cze 
100 1 |a Cpin, Štefan,  |d 1919-1971  |7 xx0015798 
245 1 0 |a Zvieratká /  |c texty napísal Štefan Cpin. 
260 |a Bratislava :  |b Tvar,  |c 1950 
300 |a Nestr. 
490 1 |a Leporelo 
830 0 |a Leporelo 
910 |a BOA001  |b PK-0057.127 
964 |a Zvířata - leporela 
990 |a BK 
996 7 |b 3119809773  |c PK-0057.127  |l MZK  |r Sklad / do 1 hodiny  |n 0  |w 000357888  |u 000010  |a 1  |e BOA001  |j MZK50  |s A